000 01283nam a22002897a 4500
001 22172
005 20260409114053.0
008 260401b |||||||| |||| 00| 0 spa d
020 _a9788494987519
041 _aESP
082 _a341
_bV67
100 _aVilley, Michel
_eAUT
245 _aFilosofía del derecho :
_bdefiniciones y medios del derecho
250 _aSegunda edición
260 _a[Lugar de publicación no identificado] :
_bRespublica,
_c2020
300 _a376 páginas :
_c21 cm.
440 _a ;
650 _aCIS
653 _a Derecho - Filosofía
654 _aCHU
700 _aPalomar Maldonado, Evaristo
_eTRA
856 _uhttps://itmsp.museknowledge.com/UCSP?url=https://research.ebsco.com/linkprocessor/plink?id=a9a37920-2529-3867-b83c-ac7c0e84a39d
_zVéase además: Filosofía del derecho, por Virgilio Ruiz Rodríguez. Versión digital
856 _uhttps://0u20fvrn9-y-https-research-ebsco-com.itmsp.museknowledge.com/c/qxo6us/search
_zVéase además: Base de datos EBSCOhost
856 _uhttps://0u20jvrne-y-https-www-jstor-org.itmsp.museknowledge.com/
_zVéase además: Base de datos JSTOR
856 _uhttps://0u214vrnj-y-https-app-vlex-com.itmsp.museknowledge.com/
_zVéase además: Base de datos Vlex
942 _cLIB
_dJUS
_fJUS
_n0
_2ddc
999 _c22172
_d22172